Návrh DB pre organizáciu s distribúciou elektrickej energie : Bakalárska práca

Enregistré dans:
Détails bibliographiques
Auteur principal: Schneider, Roman (Auteur)
Autres auteurs: Kuník, Stanislav, 1982- (xxx)
Format: Manuscrit Livre
Langue:slovaque
Publié: Trnava : STU v Bratislave MTF UIAM, 2007
Tags: Ajouter un tag
Pas de tags, Soyez le premier à ajouter un tag!

MARC

LEADER 00000ntm a22000003a 4500
001 stu152954
005 20160719155634.5
008 071130s2007----xo------------------slo-d
040 |a STU  |b slo 
041 0 |a slo 
044 |a xo 
100 1 |a Schneider, Roman  |4 aut 
245 1 |a Návrh DB pre organizáciu s distribúciou elektrickej energie :  |b Bakalárska práca 
260 |a Trnava :  |b STU v Bratislave MTF UIAM,  |c 2007 
300 |a 44 s  |c príl (1 CD-ROM) 
500 |a Program: Aplikovaná informatika a automatizácia v priemysle 
700 1 |a Kuník, Stanislav,  |d 1982-  |4 xxx  |u M180  |U MTF Materiálovotechnologická fakulta  |T MTF Katedra aplikovanej informatiky a automatizácie  |X 4618  |U M180  |Y 166  |7 A000004618 
996 |b 284M066955  |c M*BP-3066  |l MMSKP  |s P  |a 0  |w stu152954_0001